00567nam a2200205Ia 4500008004100000020001800041050001400059100001800073245003300091245005100124245004400175260001500219260001600234260000900250300001500259300002700274300001000301440004200311500000800353170918s9999 xx 000 0 und d a9780590226356 bD121 1995 aDadey, Debbie aMonster don’t scuba dive : bis there a sea monsted swimming in the lake? / cDebbie Dadey and Marcia Thornton Jones. aNew York : bScholastic, c1995 a69 pages : bcolored illustration ; c19cm. aThe adventures of Bailey school kids. a620